000 00355 a2200121 4500
001 ART_3533
005 20260410161715.0
008 260409a
245 1 0 _aHacia un nuevo plan eléctrico
100 1 _aVisintini, Alfredo
700 1 _aBastos, Carlos
773 0 _tDesarrollo económico
_g- Vol. 27, Nº 107 (oct./dic. 1987)
_wREV1174
999 _c16480
_d16480